[Event "Santa Fe Litoral op 2nd"]
[Site "Santa Fe"]
[Date "2022.11.12"]
[Round "4"]
[White "Maset, Antonio Roberto"]
[Black "Lopez, Jose Luis"]
[Result "1/2-1/2"]
[WhiteElo "1811"]
[BlackElo "1646"]
[PlyCount "70"]
[EventDate "2022.11.10"]
[EventType "swiss"]
[EventRounds "7"]
[EventCountry "ARG"]
[SourceTitle "CBM 211 Extra"]
[Source "ChessBase"]
[SourceDate "2023.01.31"]
[SourceVersion "1"]
[SourceVersionDate "2023.01.31"]
[SourceQuality "1"]

1. e4 c5 2. Nf3 Nc6 3. d4 cxd4 4. Nxd4 g6 5. c4 Nf6 6. Nc3 Nxd4 7. Qxd4 d6 8. Be2 Bg7 9. Be3 0-0 10. Qd2 a5 11. 0-0 a4 12. Rab1 Qa5 13. Rfc1 Be6 14. f3 Rfc8 15. b4 axb3 16. axb3 Qb4 17. Na4 Qxd2 18. Bxd2 Nd7 19. Bg5 Kf8 20. Be3 Rc6 21. f4 h5 22. Rf1 Bg4 23. Bd3 Nc5 24. Nxc5 dxc5 25. e5 Bf5 26. Bxf5 gxf5 27. Rfd1 b6 28. Ra1 Rxa1 29. Rxa1 f6 30. exf6 Bxf6 31. Rd1 Rd6 32. Rxd6 exd6 33. Kf2 Kf7 34. Kf3 Ke6 35. h3 h4 1/2-1/2

[Event "Santa Fe Laguna Paiva op"]
[Site "Santa Fe"]
[Date "2019.03.09"]
[Round "2"]
[White "Salazar, Leovys Erix"]
[Black "Maset, Antonio Roberto"]
[Result "1/2-1/2"]
[WhiteElo "1626"]
[BlackElo "1797"]
[PlyCount "109"]
[EventDate "2019.03.09"]
[EventType "swiss"]
[EventRounds "6"]
[EventCountry "ARG"]
[SourceTitle "CBM 189 Extra"]
[Source "ChessBase"]
[SourceDate "2019.06.03"]
[SourceVersion "1"]
[SourceVersionDate "2019.06.03"]
[SourceQuality "1"]

1. e4 c5 2. c4 Nc6 3. Nf3 g6 4. d3 Bg7 5. Nc3 d6 6. Be2 Nf6 7. 0-0 0-0 8. Bg5 h6 9. Bd2 Kh7 10. Rb1 Ne8 11. Ne1 Nd4 12. f4 e6 13. Be3 Nc7 14. Kh1 d5 15. cxd5 exd5 16. Na4 Qe7 17. Bf3 Nxf3 18. Bxc5 Qe8 19. Nxf3 Rg8 20. Re1 dxe4 21. dxe4 Be6 22. f5 Bxa2 23. Ra1 Bc4 24. fxg6+ fxg6 25. Nc3 a6 26. Qc1 Qc6 27. Bf2 Rad8 28. Qf4 Rgf8 29. Qg3 Ne6 30. e5 Nf4 31. Nd4 Qe8 32. Rad1 Nd3 33. Nf3 Nxe1 34. Rxe1 Rd3 35. Qh4 b5 36. Ne4 Qd8 37. Qg4 Be6 38. Qxe6 Rd1 39. Qb3 Rxe1+ 40. Nxe1 Bxe5 41. Qe3 Bxb2 42. Qa7+ Bg7 43. h3 Qd1 44. Kh2 Qe2 45. Bd4 Rg8 46. Nf6+ Kh8 47. Nxg8 Bxd4 48. Qxd4+ Kxg8 49. Nf3 Qe6 50. Qd8+ Kg7 51. Qc7+ Qf7 52. Qd6 g5 53. Qg3 Qf4 54. Qxf4 gxf4 55. Kg1 1/2-1/2

[Event "Malabrigo op"]
[Site "Malabrigo"]
[Date "2019.02.10"]
[Round "6"]
[White "Maset, Antonio Roberto"]
[Black "Coriat, Leonardo"]
[Result "0-1"]
[WhiteElo "1834"]
[BlackElo "1711"]
[PlyCount "48"]
[EventDate "2019.02.09"]
[EventType "swiss"]
[EventRounds "6"]
[EventCountry "ARG"]
[SourceTitle "CBM 189 Extra"]
[Source "ChessBase"]
[SourceDate "2019.06.03"]
[SourceVersion "1"]
[SourceVersionDate "2019.06.03"]
[SourceQuality "1"]

1. d4 Nf6 2. c4 g6 3. Nc3 d5 4. g3 c5 5. cxd5 cxd4 6. Qxd4 Bg7 7. Bg2 0-0 8. Qh4 Qb6 9. h3 Na6 10. a3 Bd7 11. Rb1 Rac8 12. Bd2 Nh5 13. g4 Bf6 14. Bg5 Bxc3+ 15. Kf1 Ng7 16. Bxe7 Rfe8 17. d6 Bxb2 18. Rd1 Qb3 19. Re1 Bc3 20. Bf6 Qe6 21. Bxc3 Rxc3 22. Nf3 f6 23. Qh6 Bc6 24. Kg1 Bxf3 0-1

[Event "Malabrigo op"]
[Site "Malabrigo"]
[Date "2019.02.09"]
[Round "2"]
[White "Maset, Antonio Roberto"]
[Black "Cuello, Brian"]
[Result "1-0"]
[WhiteElo "1834"]
[BlackElo "1463"]
[PlyCount "85"]
[EventDate "2019.02.09"]
[EventType "swiss"]
[EventRounds "6"]
[EventCountry "ARG"]
[SourceTitle "CBM 189 Extra"]
[Source "ChessBase"]
[SourceDate "2019.06.03"]
[SourceVersion "1"]
[SourceVersionDate "2019.06.03"]
[SourceQuality "1"]

1. e4 c5 2. Nf3 Nc6 3. d4 cxd4 4. Nxd4 g6 5. Nc3 Bg7 6. Be3 d6 7. Qd2 Nf6 8. f3 d5 9. exd5 Nxd5 10. Nxc6 bxc6 11. Bd4 Bxd4 12. Qxd4 0-0 13. 0-0-0 Be6 14. Bc4 Nxc3 15. Qxc3 Qc8 16. Rd4 Bxc4 17. Rxc4 Qe6 18. Re1 Qd6 19. h4 Rfc8 20. h5 Rc7 21. hxg6 fxg6 22. Rce4 Qf6 23. Qc4+ Kg7 24. Re6 Qf7 25. Qd4+ Kg8 26. Qe5 Rac8 27. b3 Qf5 28. Qxf5 gxf5 29. Rxe7 Kf8 30. Rxc7 Rxc7 31. Re5 Rf7 32. f4 Kg7 33. Re6 Rf6 34. Rxf6 Kxf6 35. Kd2 Ke6 36. Kd3 Kd5 37. b4 c5 38. bxc5 Kxc5 39. c4 a6 40. Kc3 a5 41. Kd3 h6 42. a3 h5 43. g3 1-0

[Event "San Justo IRT 5th"]
[Site "San Justo"]
[Date "2018.09.29"]
[Round "3.3"]
[White "Maset, Antonio Roberto"]
[Black "Hevia, Geronimo"]
[Result "1-0"]
[WhiteElo "1802"]
[BlackElo "1458"]
[PlyCount "101"]
[EventDate "2018.09.29"]
[EventType "swiss"]
[EventRounds "6"]
[EventCountry "ARG"]
[SourceTitle "EXT 2024"]
[Source "ChessBase"]
[SourceDate "2023.10.10"]
[SourceVersion "1"]
[SourceVersionDate "2023.10.10"]
[SourceQuality "1"]

1. d4 Nf6 2. c4 g6 3. Nc3 d5 4. g3 Bg7 5. Bg2 e6 6. Nf3 b6 7. Ne5 Bb7 8. Qa4+ c6 9. 0-0 0-0 10. Rd1 Nfd7 11. Nxd7 Nxd7 12. e4 Nf6 13. Bg5 h6 14. Bxf6 Bxf6 15. exd5 exd5 16. cxd5 cxd5 17. Qb3 Qd6 18. Nb5 Qd7 19. Rac1 Bc6 20. Rxc6 Qxc6 21. Bxd5 Qd7 22. Bxa8 Rxa8 23. Qf3 Qd8 24. Qe4 a6 25. Nc3 Ra7 26. d5 Rd7 27. h4 h5 28. Rd2 Kh8 29. Kg2 Kg7 30. Ne2 Re7 31. Qf3 Rd7 32. Nf4 Rd6 33. b3 Qd7 34. Rc2 Be5 35. Rd2 Qd8 36. Nh3 Qd7 37. Qe4 Bf6 38. Nf4 g5 39. Nxh5+ Kf8 40. Nxf6 Rxf6 41. hxg5 Rg6 42. Qe5 Rg7 43. Rc2 Rh7 44. Rc7 Qh3+ 45. Kf3 Qh1+ 46. Ke2 Qh5+ 47. Kd2 Qg4 48. Qe7+ Kg8 49. Qe8+ Kg7 50. Qxf7+ Kh8 51. Qf8# 1-0

[Event "Parana Dos Orillas 7th"]
[Site "Parana"]
[Date "2018.08.04"]
[Round "3.10"]
[White "Alvarez, Leandro"]
[Black "Maset, Antonio Roberto"]
[Result "1-0"]
[WhiteElo "2111"]
[BlackElo "1793"]
[PlyCount "47"]
[EventDate "2018.08.03"]
[EventType "swiss"]
[EventRounds "6"]
[EventCountry "ARG"]
[SourceTitle "EXT 2024"]
[Source "ChessBase"]
[SourceDate "2023.10.10"]
[SourceVersion "1"]
[SourceVersionDate "2023.10.10"]
[SourceQuality "1"]

1. Nf3 Nf6 2. d4 d5 3. c4 e6 4. g3 Be7 5. Bg2 dxc4 6. 0-0 c5 7. Qa4+ Nbd7 8. Qxc4 cxd4 9. Qxd4 Qb6 10. Nc3 a6 11. b3 Qxd4 12. Nxd4 Nb6 13. Bb2 0-0 14. Rfd1 Rd8 15. Nc2 Nbd5 16. Nxd5 Nxd5 17. e4 Nf6 18. Rxd8+ Bxd8 19. Rd1 Nd7 20. e5 Rb8 21. Ne3 Be7 22. Nc4 Nc5 23. Nb6 a5 24. Ba3 1-0

[Event "OP-2012-0-02313"]
[Site "LSS email"]
[Date "2012.07.24"]
[Round "?"]
[White "Checa, Nicholas de T"]
[Black "Maset, Antonio Roberto"]
[Result "0-1"]
[WhiteElo "789"]
[BlackElo "1906"]
[PlyCount "40"]
[EventDate "2012.07.20"]
[EventType "tourn (corr)"]
[EventRounds "4"]
[EventCountry "GER"]
[SourceTitle "Telechess CBM 163"]
[Source "ChessBase"]
[SourceDate "2014.11.11"]
[SourceVersion "2"]
[SourceVersionDate "2014.11.11"]
[SourceQuality "1"]

1. d4 Nf6 2. c4 g6 3. Nc3 d5 4. Nf3 Bg7 5. Qb3 dxc4 6. Qxc4 0-0 7. e4 Bg4 8. Be3 Nfd7 9. Rd1 Nb6 10. Qb3 e6 11. Be2 Nc6 12. 0-0 Bxf3 13. Bxf3 Nxd4 14. Bxd4 Bxd4 15. Ne2 c5 16. Nxd4 cxd4 17. e5 Qd7 18. Qd3 Rfd8 19. h4 Rac8 20. h5 Nc4 0-1

[Event "BI-2012-P-00021"]
[Site "LSS email"]
[Date "2012.04.20"]
[Round "?"]
[White "Ivanchenko, Petr"]
[Black "Maset, Antonio Roberto"]
[Result "1/2-1/2"]
[WhiteElo "1560"]
[BlackElo "1906"]
[PlyCount "62"]
[EventDate "2012.04.22"]
[EventType "tourn (corr)"]
[EventRounds "10"]
[EventCountry "GER"]
[SourceTitle "Telechess CBM 165"]
[Source "ChessBase"]
[SourceDate "2015.03.11"]
[SourceVersion "1"]
[SourceVersionDate "2015.03.11"]
[SourceQuality "1"]

1. d4 Nf6 2. c4 g6 3. Nc3 d5 4. cxd5 Nxd5 5. e4 Nxc3 6. bxc3 Bg7 7. Nf3 c5 8. Bb5+ Nc6 9. d5 Qa5 10. Rb1 a6 11. Bxc6+ bxc6 12. 0-0 Qxa2 13. Rb2 Qa5 14. d6 Qd8 15. dxe7 Qxd1 16. Rxd1 Kxe7 17. Be3 Rd8 18. Bxc5+ Ke8 19. Nd4 Bf8 20. Bxf8 Kxf8 21. Rbd2 Rd6 22. e5 Rd5 23. Nxc6 Rxd2 24. Rxd2 Be6 25. Nd4 Bd5 26. f4 a5 27. Kf2 a4 28. Nb5 Bb3 29. Na3 Rc8 30. Rd3 h5 31. g3 Be6 1/2-1/2

[Event "BI-2012-P-00021"]
[Site "LSS email"]
[Date "2012.04.20"]
[Round "?"]
[White "Maset, Antonio Roberto"]
[Black "Plummer, Martin"]
[Result "1-0"]
[WhiteElo "1906"]
[BlackElo "986"]
[PlyCount "25"]
[EventDate "2012.04.22"]
[EventType "tourn (corr)"]
[EventRounds "10"]
[EventCountry "GER"]
[SourceTitle "Corr 2015"]
[Source "ChessBase"]
[SourceDate "2015.07.17"]
[SourceVersion "1"]
[SourceVersionDate "2015.07.17"]
[SourceQuality "1"]

1. Nf3 c5 2. e4 Nc6 3. d4 cxd4 4. Nxd4 a6 5. Nc3 g6 6. Bc4 Bg7 7. Be3 Nf6 8. Bb3 0-0 9. f3 d6 10. Qd2 Qc7 11. 0-0-0 b5 12. Nxc6 Qxc6 13. Nd5 1-0

[Event "BI-2012-P-00021"]
[Site "LSS email"]
[Date "2012.04.20"]
[Round "?"]
[White "Ulasevich, Sergei"]
[Black "Maset, Antonio Roberto"]
[Result "1-0"]
[WhiteElo "2299"]
[BlackElo "1906"]
[PlyCount "83"]
[EventDate "2012.04.22"]
[EventType "tourn (corr)"]
[EventRounds "10"]
[EventCountry "GER"]
[SourceTitle "Telechess CBM 165"]
[Source "ChessBase"]
[SourceDate "2015.03.11"]
[SourceVersion "1"]
[SourceVersionDate "2015.03.11"]
[SourceQuality "1"]

1. d4 Nf6 2. c4 g6 3. Nc3 d5 4. cxd5 Nxd5 5. e4 Nxc3 6. bxc3 Bg7 7. Bc4 0-0 8. Ne2 c5 9. 0-0 Nc6 10. Be3 Qc7 11. Rc1 Rd8 12. Qd2 b6 13. Bh6 Rb8 14. Rfd1 Na5 15. Bd3 e5 16. Bg5 f6 17. Be3 c4 18. Bc2 Nb7 19. Qe1 Qe7 20. f3 Qa3 21. Qg3 Nd6 22. h4 Rb7 23. h5 gxh5 24. Qh4 Re8 25. Qxh5 Rf7 26. g4 Bd7 27. Kf2 exd4 28. Rxd4 Re5 29. Qh2 Nb7 30. Rxc4 Qxa2 31. Rb4 Na5 32. Bb1 Qa1 33. Rh1 Nc6 34. Bc2 Qa3 35. Qxh7+ Kf8 36. Bc1 Qa5 37. Ra4 Qc5+ 38. Be3 Qd6 39. Rd1 Qc7 40. Bb3 Be6 41. Bxe6 Rxe6 42. Nf4 1-0

[Event "OP-2011-0-01928"]
[Site "LSS email"]
[Date "2011.12.09"]
[Round "?"]
[White "Vontina, Maria"]
[Black "Maset, Antonio Roberto"]
[Result "0-1"]
[WhiteElo "781"]
[BlackElo "1884"]
[PlyCount "56"]
[EventDate "2011.12.06"]
[EventType "tourn (corr)"]
[EventRounds "4"]
[EventCountry "GER"]
[SourceTitle "Telechess CBM 155"]
[Source "ChessBase"]
[SourceDate "2013.07.16"]
[SourceVersion "1"]
[SourceVersionDate "2013.07.16"]
[SourceQuality "1"]

1. e4 e5 2. Nf3 Nc6 3. Bb5 a6 4. Ba4 Nf6 5. 0-0 Be7 6. Re1 b5 7. Bb3 0-0 8. c3 d5 9. exd5 Nxd5 10. Nxe5 Nxe5 11. Rxe5 c6 12. d4 Bd6 13. Re1 Qh4 14. g3 Qh3 15. Be3 Bg4 16. Qd3 f5 17. Qf1 Qh5 18. Nd2 f4 19. Bxd5+ cxd5 20. Bxf4 Bxf4 21. gxf4 Bh3 22. Qd3 Rxf4 23. Nf1 Raf8 24. Ng3 Qf7 25. Qe3 Rxf2 26. Re2 Rf1+ 27. Rxf1 Qxf1+ 28. Nxf1 Rxf1# 0-1